00334nam a2200097Ia 4500008004100000245005300041245003200094260000900126650001600135856008500151160523s9999 xx 000 0 und d aParenting in South American and African Contexts c Maria Lucia Seidl-de-Moura c2013 xPsychology. uhttp://www.intechopen.com/books/parenting-in-south-american-and-african-contexts